Základy národného hospodárstva : 2, Ekonomika odvetví /

Uložené v:
Podrobná bibliografia
Hlavní autori: Baran, Michal 1920-1999 (Author), Farkašovská, Mária (Author), Pirč, Ján (Author)
Médium: Kniha
Jazyk:Slovak
Vydané: Košice : Rektorát Univerzity Pavla Jozefa Šafárika, 1986.
Vydanie:1. vyd.
ISBN: (brož.)
Fyzický popis: 298 s.
Tagy: Pridať tag
Žiadne tagy, Buďte prvý kto otaguje tento záznam!

MARC

LEADER 00000nam a2200000 a 4500
001 000186310
005 20241007095518.0
008 060420s1986 xo e slo d
020 |a (brož.)  |c Kčs 13,50 
040 |a SVKKK  |b slo  |c SVKKK  |e AACR2 
041 0 |a slo 
044 |a xo  |c SK 
100 1 |a Baran, Michal  |d 1920-1999  |4 aut 
245 1 0 |a Základy národného hospodárstva :  |n 2,  |p Ekonomika odvetví /  |c Michal Baran, Mária Farkašovská, Ján Pirč. 
246 1 0 |a Ekonomika odvetví 
250 |a 1. vyd. 
260 |a Košice :  |b Rektorát Univerzity Pavla Jozefa Šafárika,  |c 1986. 
300 |a 298 s. 
700 1 |a Farkašovská, Mária  |4 aut 
700 1 |a Pirč, Ján  |4 aut 
910 |a svkkk 
998 |a BK 
090 |g SCKHL  |k Sklad Pribinova 3. posch.  |a V.160200  |j 754133  |i 2720941648  |s Absenčne 
090 |g SCKHL  |k Sklad Pribinova 3. posch.  |a V.160201  |j 754134  |i 2720952577  |s Absenčne 
090 |g SCKHL  |k Sklad Pribinova 3. posch.  |a V.160202  |j 754135  |i 186310-30  |4 Multiplikát  |s Vyradená 
090 |g SCKHL  |k Sklad Pribinova 3. posch.  |a V.160203  |j 754136  |i B201430  |4 Multiplikát  |s Vyradená 
090 |g SCKHL  |k Sklad Pribinova 3. posch.  |a V.160204  |j 754137  |i 186310-40  |4 Multiplikát  |s Vyradená